000 00660nam a2200217Ii 4500
003 JO-AjNU
008 230606s9999||||xx |||||||||||||| ||und||
020 _a0-582-22894-8
040 _aJO-AjNU
_beng
_erda
_cJO-AjNU
041 _aeng
050 1 4 _aHG186.G7.H68 1994
100 3 _aHowells,Peter / Bain, Keith,
_eauthor
_93405
245 0 0 _aFinancial Markets and Institutions
250 _a2 ed
264 3 1 _aLandon,New York: Longman,1994
300 _a288p
_b Includes Bibliography indexes(p281-288)
336 _atext
_btxt
_2rdacontent
337 _aunmediated
_bn
_2rdamedia
338 _avolume
_bnc
_2rdacarrier
650 4 _aFinancial Markets
_93406
999 _aE1778
_c1778
_d1778